[Event "POL-ch U18 Girls"]
[Site "Jastrzebia Gora"]
[Date "2023.??.??"]
[Round "6"]
[White "Krzyzosiak, Anna"]
[Black "Bartoszek, Julia"]
[Result "1-0"]
[WhiteElo "1503"]
[BlackElo "1344"]
[PlyCount "65"]
[EventDate "2023.03.11"]
[EventType "swiss"]
[EventRounds "9"]
[EventCountry "POL"]
[SourceTitle "CBM 213 Extra"]
[Source "ChessBase"]
[SourceDate "2023.05.31"]
[SourceVersion "1"]
[SourceVersionDate "2023.05.31"]
[SourceQuality "1"]

1. e4 c5 2. Nf3 d6 3. d4 cxd4 4. Nxd4 Nf6 5. Nc3 a6 6. Bg5 e6 7. f4 Be7 8. Qe2 h6 9. Bh4 Qc7 10. 0-0-0 Nbd7 11. g4 b5 12. Bg2 Bb7 13. e5 dxe5 14. fxe5 Ng8 15. Bxe7 Nxe7 16. Ndxb5 axb5 17. Nxb5 Qb6 18. Nd6+ Kf8 19. Nxb7 Rxa2 20. c3 Qb3 21. Rxd7 Ra1+ 22. Kd2 Qxb2+ 23. Ke3 Qb6+ 24. Kf3 Ra8 25. Kg3 Rc8 26. Qd3 g6 27. Rf1 Qb3 28. Nd6 Rh7 29. Nxc8 Nxc8 30. Rd8+ Kg7 31. Rxf7+ Kxf7 32. Qd7+ Ne7 33. Qe8+ 1-0

[Event "POL-ch U18 Girls"]
[Site "Jastrzebia Gora"]
[Date "2023.??.??"]
[Round "8"]
[White "Lopusiewicz, Marta"]
[Black "Bartoszek, Julia"]
[Result "0-1"]
[WhiteElo "1180"]
[BlackElo "1344"]
[PlyCount "128"]
[EventDate "2023.03.11"]
[EventType "swiss"]
[EventRounds "9"]
[EventCountry "POL"]
[SourceTitle "CBM 213 Extra"]
[Source "ChessBase"]
[SourceDate "2023.05.31"]
[SourceVersion "1"]
[SourceVersionDate "2023.05.31"]
[SourceQuality "1"]

1. e4 c5 2. Nf3 Nc6 3. b4 Nxb4 4. c3 Nc6 5. d4 cxd4 6. cxd4 d5 7. exd5 Qxd5 8. Be2 e6 9. 0-0 Nge7 10. Nc3 Qd8 11. Bf4 Nd5 12. Qc1 Nxf4 13. Qxf4 Bd6 14. Qe3 0-0 15. Rab1 a6 16. a4 Re8 17. Rfc1 Rb8 18. Qd3 Bf4 19. Rc2 Qe7 20. Qc4 Na5 21. Qb4 Qxb4 22. Rxb4 Nc6 23. Rb1 Rd8 24. Rd1 Bd7 25. Ne4 Nb4 26. Rb2 a5 27. Nc5 Bc6 28. Nd3 Nxd3 29. Rxd3 Bxa4 30. Ra3 Bc1 31. Rba2 Bxa3 32. Rxa3 Bc6 33. Rxa5 Bxf3 34. Bxf3 Rxd4 35. Rb5 Rc4 36. g3 b6 37. Kf1 Rc5 38. Rb2 b5 39. Be2 b4 40. Ke1 b3 41. Bd1 g6 42. Ke2 Ra5 43. Rxb3 Rxb3 44. Bxb3 Kf8 45. Kf1 Ke7 46. h3 Ra3 47. Bc2 Ra1+ 48. Kg2 f5 49. g4 f4 50. Kf3 e5 51. g5 Rh1 52. Kg2 Rc1 53. Be4 Rc3 54. h4 Kf8 55. f3 Re3 56. Kf1 Rxe4 57. fxe4 Ke7 58. Ke2 Kd6 59. Kd2 Kc5 60. Kd3 Kb5 61. Kc3 Kc5 62. Kd3 Kb4 63. Ke2 Kc4 64. Kf3 Kd4 0-1